Oscar Winning Films of the 1930's - Statistics

General Stats
  • This quiz has been taken 47 times
    30 since last reset
  • The average score is 30 of 79
Answer Stats
Category Year Movie % Correct
Picture 1930 All Quiet on the Western Front
100%
Picture 1939 Gone With the Wind
100%
Picture 1934 It Happened One Night
100%
Picture 1935 Mutiny on the Bounty
100%
Best Story 1938 Boys Town
83%
Picture 1933 Cavalcade
83%
Picture 1931 Cimarron
83%
Lead Actor 1932 Dr. Jekyll and Mr. Hyde
83%
Picture 1932 Grand Hotel
83%
Supporting Actor 1939 Stagecoach
83%
Picture 1936 The Great Ziegfeld
83%
Picture 1937 The Life of Emile Zola
83%
Picture 1938 You Can't Take it With You
83%
Lead Actor 1937 Captains Courageous
67%
Lead Actor 1939 Goodbye, Mr. Chips
67%
Director 1936 Mr. Deeds Goes to Town
67%
Best Story 1939 Mr. Smith Goes to Washington
67%
Adapted Screenplay 1936 The Story of Louis Pasteur
67%
Lead Actor 1930 Disraeli
50%
Lead Actress 1938 Jezebel
50%
Lead Actress 1933 Morning Glory
50%
Adapted Screenplay 1938 Pygmalion
50%
Cinematography 1932 Shanghai Express
50%
Original Score 1938 The Adventures of Robin Hood
50%
Cinematography 1933 A Farewell to Arms
33%
Lead Actor 1931 A Free Soul
33%
Supporting Actress 1936 Anthony Adverse
33%
Cinematography 1934 Cleopatra
33%
Supporting Actor 1936 Come and Get It
33%
Lead Actress 1935 Dangerous
33%
Supporting Actress 1937 In Old Chicago
33%
Supporting Actor 1938 Kentucky
33%
Production Design 1937 Lost Horizon
33%
Lead Actress 1931 Min and Bill
33%
Director 1931 Skippy
33%
Original Song 1936 Swing Time
33%
Director 1937 The Awful Truth
33%
Original Song 1938 The Big Broadcast of 1938
33%
Adapted Screenplay 1930 The Big House
33%
Best Story 1931 The Champ
33%
Lead Actress 1930 The Divorcee
33%
Original Song 1934 The Gay Divorcee
33%
Lead Actress 1937 The Good Earth
33%
Director 1935 The Informer
33%
Lead Actor 1933 The Private Life of Henry VIII
33%
Lead Actress 1932 The Sin of Madelon Claudet
33%
Cinematography (Black and White) 1939 Wuthering Heights
33%
Scoring 1938 Alexander's Ragtime Band
17%
Cinematography 1935 A Midsummer Night's Dream
17%
Best Story 1937 A Star Is Born
17%
Director 1932 Bad Girl
17%
Production Design 1936 Dodsworth
17%
Film Editing 1934 Eskimo
17%
Original Song 1935 Gold Diggers of 1935
17%
Production Design 1930 King of Jazz
17%
Adapted Screenplay 1933 Little Women
17%
Best Story 1934 Manhattan Melodrama
17%
Sound Mixing 1935 Naughty Marietta
17%
Original Score 1937 One Hundred Men and a Girl
17%
Original Score 1934 One Night of Love
17%
Sound Mixing 1936 San Francisco
17%
Visual Effects 1938 Spawn of the North
17%
Cinematography (Color) 1938 Sweethearts
17%
Cinematography 1931 Tabu: A Story of the South Seas
17%
Sound Mixing 1938 The Cowboy and the Lady
17%
Production Design 1935 The Dark Angel
17%
Cinematography (Color) 1936 The Garden of Allah
17%
Cinematography (Black and White) 1938 The Great Waltz
17%
Sound Mixing 1937 The Hurricane
17%
Production Design 1934 The Merry Widow
17%
Visual Effects 1939 The Rains Came
17%
Original Score 1939 The Wizard of Oz
17%
Production Design 1932 Transatlantic
17%
Original Song 1937 Waikiki Wedding
17%
Sound Mixing 1939 When Tomorrow Comes
17%
Cinematography 1930 With Byrd at the South Pole
17%
Best Story 1932 One Way Passage
0%
Best Story 1930 The Dawn Patrol
0%
Best Story 1935 The Scoundrel
0%
No matching quizzes found
Score Distribution
Percent of People with Each Score
Percentile by Number Answered
Your Score History
You have not taken this quiz since the last reset